Politik, demokrasi dan Asia baru : ucapan Dr. Mahathir Mohamad perdana menteri Malaysia

Bibliographic Details
Main Author: Mahathir Mohamad
Other Authors: Hashim Makarauddin, Moktar Ahmad
Format: Book
Published: Kuala Lumpur : Utusan Publication & Distributors , 2003
Subjects:

MARC

LEADER 00000cam a2200000 7i4500
001 0000024207
005 20091202.0
008 081204
020 |a 9676113719 
090 0 0 |a 320.95   |b MAH 
100 1 |a Mahathir Mohamad 
245 1 0 |a Politik, demokrasi dan Asia baru :   |b ucapan Dr. Mahathir Mohamad perdana menteri Malaysia   |c diedit oleh Hashim Makaruddin; penterjemah Mokhtar Ahmad 
260 |a Kuala Lumpur :   |b Utusan Publication & Distributors ,   |c 2003 
650 0 |a Asia   |x politics and government 
650 0 |a Democracy   |x Asia 
650 0 |a Speeches, addresses, etc 
700 0 |a Hashim Makarauddin 
700 0 |a Moktar Ahmad 
999 |a 0000888175   |b Book   |c Adult Collection   |e Cawangan Mersing 
999 |a 0000888178   |b Book   |c Adult Collection   |e Cawangan Segamat 
999 |a 0000888179   |b Book   |c Adult Collection   |e Cawangan Bandar Penawar 
999 |a 0000888182   |b Book   |c Adult Collection   |e Cawangan Pontian 
999 |a 0000888185   |b Book   |c Adult Collection   |e Cawangan Mersing 
999 |a 0001025166   |b Book   |c Adult Collection   |e Perbadanan Perpustakaan Awam Johor 
999 |a 0001064848   |b Book   |c Adult Collection   |e Perbadanan Perpustakaan Awam Johor 
999 |a 0001068879   |b Book   |c Adult Collection   |e Perbadanan Perpustakaan Awam Johor 
999 |a 000888174   |b Book   |c Adult Collection   |e Cawangan Muar 
999 |a 000910182   |b Book   |c Adult Collection   |e Cawangan Bandar Tenggara